|
|
|
|
| LEADER |
00000nam0a2200000 4500 |
| 001 |
209231 |
| 005 |
20231101225525.0 |
| 010 |
|
|
|a 9785397023092
|
| 035 |
|
|
|a (RuTPU)RU\TPU\book\228554
|
| 090 |
|
|
|a 209231
|
| 100 |
|
|
|a 20120210d2012 m y0rusy50 ca
|
| 101 |
0 |
|
|a rus
|
| 102 |
|
|
|a RU
|
| 105 |
|
|
|a a z 001zy
|
| 200 |
1 |
|
|a Статистическая физика сложных систем. От фракталов до скейлинг-поведения
|f С. Г. Абаимов
|
| 210 |
|
|
|a Москва
|c Либроком
|d 2012
|
| 215 |
|
|
|a 388 с.
|c ил.
|
| 225 |
1 |
|
|a Синергетика: от прошлого к будущему
|v № 57
|
| 320 |
|
|
|a Библиография в конце глав.
|
| 330 |
|
|
|a Многообразие происходящих в природе явлений, на первый взгляд, не подчиняется каким-то унифицированным принципам, и каждое явление требует введения своих законов описания поведения. Однако данное утверждение, присущее классической физике, все больше утрачивает свои позиции. Примерами могут служить попытки создания единой теории материи или универсальность, вводимая с помощью ренорма-лизационной группы. В последние десятилетия и в статистической физике возник ряд многообещающих гипотез о том, что самые разнообразные явления, такие как перколяция, землетрясения, разрушение материалов, полимеризация, ДНК, информационные процессы и многие другие, могут описываться унифицированным формализмом статистической физики; причем эта универсальность может распространяться как на окрестности точек фазовых переходов, так и на явления без фазовых переходов. Подобные системы стали называть сложными. В настоящей книге подробно рассматриваются такие важные концепции, как энтропия, потенциал свободной энергии, восприимчивость, ренормализационная группа, и делаются попытки обобщения принципов их построения для самых различных типов систем. Основой данного обобщения служит отображение вероятностных законов поведения систем, в которых температура может отсутствовать как таковая, на уже хорошо знакомые читателю тепловые флуктуации.
|
| 606 |
1 |
|
|a Статистическая физика
|2 stltpush
|3 (RuTPU)RU\TPU\subj\27931
|9 51579
|
| 610 |
1 |
|
|a сложные системы
|
| 610 |
1 |
|
|a фракталы
|
| 610 |
1 |
|
|a модель Изинга
|
| 610 |
1 |
|
|a перколяция
|
| 610 |
1 |
|
|a механика
|
| 610 |
1 |
|
|a разрушения
|
| 610 |
1 |
|
|a корреляции
|
| 610 |
1 |
|
|a флуктуации
|
| 610 |
1 |
|
|a общий формализм
|
| 610 |
1 |
|
|a свободная энергия
|
| 610 |
1 |
|
|a ренормализационная группа
|
| 610 |
1 |
|
|a скейлинг-функции
|
| 610 |
1 |
|
|a кросс-овер эффекты
|
| 675 |
|
|
|a 531.19
|v 3
|
| 700 |
|
1 |
|a Абаимов
|b С. Г.
|g Сергей Германович
|
| 801 |
|
1 |
|a RU
|b 63413507
|c 20120210
|
| 801 |
|
2 |
|a RU
|b 63413507
|c 20150513
|g RCR
|
| 942 |
|
|
|c BK
|
| 959 |
|
|
|a 22/20120210
|d 2
|e 570,13
|f ЧЗТЛ:1
|f АНЛ:1
|